000 00355pab a2200145 454500
008 180718b2003 xxu||||| |||| 00| 0 eng d
100 _aBharadwaj, Atul
245 _aUnderstanding the globalisation mind game
260 _c2003
300 _ap.309-31.
362 _aJul-Sep
650 _aGlobalization
773 _aStrategic Analysis
909 _a58890
999 _c58890
_d58890